<?xml version="1.0" encoding="UTF-8"?>
<record
    xmlns:xsi="http://www.w3.org/2001/XMLSchema-instance"
    xsi:schemaLocation="http://www.loc.gov/MARC21/slim http://www.loc.gov/standards/marcxml/schema/MARC21slim.xsd"
    xmlns="http://www.loc.gov/MARC21/slim">

  <leader>04065nam a2200505Ii 4500</leader>
  <controlfield tag="001">DIGUAM02145</controlfield>
  <controlfield tag="003">NyNyDIG</controlfield>
  <controlfield tag="006">m     o  d        </controlfield>
  <controlfield tag="007">cr |||||||||||</controlfield>
  <controlfield tag="008">130601s2012    sp a    ob    100 0 spa d</controlfield>
  <datafield tag="020" ind1=" " ind2=" ">
    <subfield code="z">9788483442180</subfield>
  </datafield>
  <datafield tag="020" ind1=" " ind2=" ">
    <subfield code="z">8483442183</subfield>
  </datafield>
  <datafield tag="035" ind1=" " ind2=" ">
    <subfield code="a">(OCoLC)888282013</subfield>
  </datafield>
  <datafield tag="040" ind1=" " ind2=" ">
    <subfield code="a">DGITA</subfield>
    <subfield code="b">eng</subfield>
    <subfield code="e">pn</subfield>
    <subfield code="c">DGITA</subfield>
  </datafield>
  <datafield tag="041" ind1="0" ind2=" ">
    <subfield code="a">spa</subfield>
    <subfield code="a">eng</subfield>
  </datafield>
  <datafield tag="050" ind1="1" ind2="4">
    <subfield code="a">GT3170 eBook</subfield>
  </datafield>
  <datafield tag="111" ind1="2" ind2=" ">
    <subfield code="a">Jornadas Internacionales de Arqueolog&#xED;a y G&#xE9;nero</subfield>
    <subfield code="n">(2nd :</subfield>
    <subfield code="d">2010 : </subfield>
    <subfield code="c">Madrid, Spain)</subfield>
  </datafield>
  <datafield tag="245" ind1="1" ind2="3">
    <subfield code="a">La arqueolog&#xED;a funeraria desde una perspectiva de g&#xE9;nero /</subfield>
    <subfield code="c">Lourdes Prados Torreira (ed.) ; Clara L&#xF3;pez Ruiz y Javier Parra Camacho (coords.).</subfield>
  </datafield>
  <datafield tag="264" ind1=" " ind2="1">
    <subfield code="a">Madrid :</subfield>
    <subfield code="b">Servicio de Publicaciones de la Universidad Aut&#xF3;noma de Madrid,</subfield>
    <subfield code="c">c2012. </subfield>
  </datafield>
  <datafield tag="300" ind1=" " ind2=" ">
    <subfield code="a">1 online resource (417 pages) :</subfield>
    <subfield code="b">ill.</subfield>
  </datafield>
  <datafield tag="336" ind1=" " ind2=" ">
    <subfield code="a">text</subfield>
    <subfield code="b">txt</subfield>
    <subfield code="2">rdacontent</subfield>
  </datafield>
  <datafield tag="337" ind1=" " ind2=" ">
    <subfield code="a">computer</subfield>
    <subfield code="b">c</subfield>
    <subfield code="2">rdamedia</subfield>
  </datafield>
  <datafield tag="338" ind1=" " ind2=" ">
    <subfield code="a">online resource</subfield>
    <subfield code="b">cr</subfield>
    <subfield code="2">rdacarrier</subfield>
  </datafield>
  <datafield tag="490" ind1="1" ind2=" ">
    <subfield code="a">Colecci&#xF3;n Estudios ;</subfield>
    <subfield code="v">145</subfield>
  </datafield>
  <datafield tag="500" ind1=" " ind2=" ">
    <subfield code="a">Contains the majority of submissions presented in the "II Jornadas Internacionales de Arqueolog&#xED;a G&#xE9;nero", from 21 April to 23 May 2010 in the UAM.</subfield>
  </datafield>
  <datafield tag="504" ind1=" " ind2=" ">
    <subfield code="a">Includes bibliographical references.</subfield>
  </datafield>
  <datafield tag="505" ind1="0" ind2=" ">
    <subfield code="a">Pr&#xF3;logo -- Muerte y g&#xE9;nero en la prehistoria espa&#xF1;ola / Sandra Mont&#xF3;n Sub&#xED;as -- La mujer en el III milenio A. C. a trav&#xE9;s de las manifestaciones funerarias: un ejemplo en territorio madrile&#xF1;o /  Concepci&#xF3;n Blanco Bosqued y Patricia R&#xED;os Mendoza -- Mujeres e identidad: el cuerpo y su contribuci&#xF3;n a la construcci&#xF3;n de identidades en el mundo arg&#xE1;rico /  Eva Alarc&#xF3;n Garc&#xED;a y Margarita S&#xE1;nchez Romero -- El g&#xE9;nero de los objetos. Variaciones sobre orfebrer&#xED;a arg&#xE1;rica /  Alicia Perea -- Evocaciones a la maternidad y la lactancia en las ofrendas funerarias del Egipto faran&#xF3;ico /  Mar&#xED;a Jos&#xE9; L&#xF3;pez-Grande -- La muerte visita la casa: mujres, cuidados y memorias familiares en los rituales funerarios fenicio-p&#xFA;nicos /  Ana Delgado Herv&#xE1;s y Meritxell Ferrer Mart&#xED;n -- Las estelas diademadas, representaciones de jefaturas femeninas en el bronce final /  Luis Berrocal-Rangel -- Mujeres en la necr&#xF3;polis tartesias /  Mar&#xED;a Bel&#xE9;n -- La tumba de la casa del Carpio (Belv&#xED;s de la Jara, Toledo). Un entrerramiento femenino de &#xE9;poca orientalizante /  Juan Pereira Sieso -- Si las muertas hablaran... una aproximaci&#xF3;n a los contextos funerarios de la cultura ib&#xE9;rica /  Lourdes Prados Torreira -- Identidades de g&#xE9;nero y pr&#xE1;cticas sociales en el registro funerario ib&#xE9;rico. La necr&#xF3;polis de el cigarralejo /  Carmen R&#xED;squez Cuenca y Ma. Antonia Garc&#xED;a Luque -- Mujeres y y plantas en el imaginario ib&#xE9;rico de la muerte /  Isabel Izquierdo Peraile -- La representaci&#xF3;n de la muerte en la cer&#xE1;mica ib&#xE9;rica y el universo masculino /  Juan A. Santos Velasco -- Mujeres, amazonas, tumbas y armas: una aproximaci&#xF3;n transcultural /  Fernando Quesada Sanz -- Cuestiones de partida: la asociaci&#xF3;n de armas a varones y los problemas de la identificaci&#xF3;n osteol&#xF3;gica -- Gender and funerary practices during the scandinavian iron ages /  Liv Helga Commasnes -- La infancia en &#xE9;poca visigoda: su reflejo en las necr&#xF3;polis madrile&#xF1;as /  Ana Garc&#xED; Casta&#xF1;eda y Javier Parra Camacho - Participantes.</subfield>
  </datafield>
  <datafield tag="546" ind1=" " ind2=" ">
    <subfield code="a">Texts in Spanish and English.</subfield>
  </datafield>
  <datafield tag="650" ind1=" " ind2="0">
    <subfield code="a">Feminist archaeology</subfield>
    <subfield code="v">Congresses.</subfield>
  </datafield>
  <datafield tag="650" ind1=" " ind2="0">
    <subfield code="a">Funeral rites and ceremonies, Ancient</subfield>
    <subfield code="v">Congresses.</subfield>
  </datafield>
  <datafield tag="650" ind1=" " ind2="0">
    <subfield code="a">Social archaeology</subfield>
    <subfield code="v">Congresses.</subfield>
  </datafield>
  <datafield tag="650" ind1=" " ind2="0">
    <subfield code="a">Excavations (Archaeology)</subfield>
    <subfield code="v">Congresses.</subfield>
  </datafield>
  <datafield tag="650" ind1=" " ind2="0">
    <subfield code="a">Burial. </subfield>
  </datafield>
  <datafield tag="650" ind1=" " ind2="0">
    <subfield code="a">Grave goods. </subfield>
  </datafield>
  <datafield tag="655" ind1=" " ind2="0">
    <subfield code="a">Electronic books.</subfield>
  </datafield>
  <datafield tag="700" ind1="1" ind2=" ">
    <subfield code="a">Prados Torreira, Lourdes.</subfield>
  </datafield>
  <datafield tag="700" ind1="1" ind2=" ">
    <subfield code="a">L&#xF3;pez Ruiz, Clara.</subfield>
  </datafield>
  <datafield tag="700" ind1="1" ind2=" ">
    <subfield code="a">Parra Camacho, Javier.</subfield>
  </datafield>
  <datafield tag="791" ind1="2" ind2=" ">
    <subfield code="a">Digitalia (Firm),</subfield>
    <subfield code="e">distributor.</subfield>
  </datafield>
  <datafield tag="830" ind1=" " ind2="0">
    <subfield code="a">Colecci&#xF3;n de estudios (Universidad Aut&#xF3;noma de Madrid) ;</subfield>
    <subfield code="v">145.</subfield>
  </datafield>
  <datafield tag="793" ind1="0" ind2=" ">
    <subfield code="g">Digitalia eBook Collection:</subfield>
    <subfield code="a">Universidad Aut&#xF3;noma de Madrid.</subfield>
  </datafield>
  <datafield tag="856" ind1="4" ind2="0">
    <subfield code="3">Digitalia Hisp&#xE1;nica</subfield>
    <subfield code="u">https://www.digitaliapublishing.com/a/19646/</subfield>
  </datafield>
  <datafield tag="910" ind1=" " ind2=" ">
    <subfield code="a">Premium Collection: 2007-2012</subfield>
  </datafield>
  <datafield tag="942" ind1=" " ind2=" ">
    <subfield code="c">RAA</subfield>
  </datafield>
  <datafield tag="952" ind1=" " ind2=" ">
    <subfield code="0">0</subfield>
    <subfield code="1">0</subfield>
    <subfield code="4">0</subfield>
    <subfield code="7">0</subfield>
    <subfield code="8">DEH</subfield>
    <subfield code="a">BD-UIN</subfield>
    <subfield code="b">BD-UIN</subfield>
    <subfield code="d">2025-04-25</subfield>
    <subfield code="l">0</subfield>
    <subfield code="r">2025-04-25</subfield>
    <subfield code="w">2025-04-25</subfield>
    <subfield code="y">RAA</subfield>
  </datafield>
  <datafield tag="999" ind1=" " ind2=" ">
    <subfield code="c">236568</subfield>
    <subfield code="d">236568</subfield>
  </datafield>
</record>
